| 000 | 01102nam a2200313Ia 4500 | ||
|---|---|---|---|
| 003 | OSt | ||
| 005 | 20221007125123.0 | ||
| 006 | a|||||r|||| 00| 0 | ||
| 007 | ta | ||
| 008 | 221006b |||||||| |||| 00| 0 eng d | ||
| 020 |
_a1560819553 (hbd) _c _ 59.95 |
||
| 024 | _a4360 | ||
| 037 |
_bE B A, _cTextual |
||
| 040 |
_aCDL _cCDL _beng |
||
| 041 |
_2eng _aeng |
||
| 082 | _aE1:21, N7 | ||
| 100 |
_aAtwood Jim D _9721569 |
||
| 245 | 0 | _aInorganic and organometallic reaction mechanisms by Jim D Atwood | |
| 250 | _aEd 2 | ||
| 260 |
_aNew _bYork VCH Publisher, Inc _c1997 |
||
| 300 |
_axiv,312p _ccm. |
||
| 490 | _vSummary is given at the end of each chapter | ||
| 500 | _aIncludes bibliographical references; Index 307-312p; ^n23/CSL/Carc/96-97/3839^d1996-12-23^mPurchase; ; 96-97/473^b1997-03-08^cEBA/14671/96-97^d1997-03-05^eEducational Book Agency ; ; 1997-03-01^bSB^c1997-07-07^r1997-08-28 | ||
| 650 |
_a Chemical reaction _9715720 |
||
| 650 | _a Inorganic | ||
| 650 | _aChemistry | ||
| 942 |
_hE1:21, N7 _cTEXL _2CC |
||
| 999 |
_c1214713 _d1214713 |
||